000 00594nam a22002177a 4500
003 OSt
005 20250919152302.0
008 250515t2023 ag ||||r|||| 00| p spa d
020 _a978-987-8429-29-8
040 _cbesoc
082 _282-1(821.6)
100 1 _aYeah, Andrés.
_eautor
245 1 3 _aUn ataúd en forma de auto deportivo /
_cAndrés Yeah.
250 _a1a ed.
260 _aRosario :
_bEditorial Municiapl de Rosario,
_c2023.
300 _a84 p. ;
_c21 cm.
490 0 _aPoesía ;
_v45
650 4 _aLiteratura
_ySiglo XXI
_zArgentina
655 4 _aPoesía
942 _2udc
_cLPD
_n0
999 _c487
_d487